Príťažlivý jazyk blízkej poézie rozhovor s českým básnikom, prozaikom a prekladateľom Petrom Skarlantom

Bibliographic Details
Main Authors: Baláž, Anton, 1943- (ain), Skarlant, Petr, 1939- (Author, uin)
Format: Article
Language:Slovak
PhysicalDescription:Fotogr.
ISSN:1210-1982
Subjects:

MARC

LEADER 00000nab a2200000 a 4500
001 vtls000863410
003 SK-MaSNL
005 20260302161300.0
008 160314c2003 xo 0 slo
015 |a SNBRB2004/02-05718 
035 |a CLN000214971 
040 |a SNKBUCL  |b slo  |c SNKBUCL  |e AACR2 
041 0 |a slo 
044 |a xo  |c SK 
080 |a 82:929:821.162.3  |2 UDC-MRF-SK2 
080 |a 821.162.3:929  |2 UDC-MRF-SK2 
100 1 |a Baláž, Anton,  |d 1943-  |4 ain  |9 103540 
245 1 0 |a Príťažlivý jazyk blízkej poézie  |b rozhovor s českým básnikom, prozaikom a prekladateľom Petrom Skarlantom  |c pripravil Anton Baláž 
300 |b Fotogr. 
600 1 7 |a Skarlant, Petr,  |d 1939-  |2 snkbucl  |9 103959 
655 7 |a články z novín a časopisov  |2 snkbucl  |9 267496 
700 1 |a Skarlant, Petr,  |d 1939-  |4 aut  |4 uin  |9 103959 
773 0 |x 1210-1982  |t Knižná revue  |g Roč. 13, č. 24 (2003), s. 7 
850 |a Slovenská národná knižnica v Martine 
852 |a SNK  |b KIS3GCP 
958 |a LX 
958 |a CZ 
999 |c 1376899  |d 1378829